000 00371nam a22001217a 4500
040 _cHS
082 _a338
100 _aកង ក្រឹស្នា
245 _aAgriculture system development : ការអភិវឌ្ឍន៍ប្រព័ន្ធកសិកម្ម
260 _aRUA
_bកង ក្រឹស្នា
_c2008
300 _aNA
942 _cKB
999 _c10267
_d10267